Financial Accounting for Management (Record no. 1618)

MARC details
000 -LEADER
fixed length control field 00443nam a22001697a 4500
005 - DATE AND TIME OF LATEST TRANSACTION
control field 20210901142220.0
008 - FIXED-LENGTH DATA ELEMENTS--GENERAL INFORMATION
fixed length control field 160524b xxu||||| |||| 00| 0 eng d
020 ## - INTERNATIONAL STANDARD BOOK NUMBER
ISBN 978-0-07-066691-7
041 ## - LANGUAGE CODE
Language code of text/sound track or separate title eng
082 ## - DEWEY DECIMAL CLASSIFICATION NUMBER
Item number 4773
Classification number 657
100 ## - MAIN ENTRY--AUTHOR NAME
Personal name Ramachandran, N. Kakani, Ram Kumar
245 ## - TITLE STATEMENT
Title Financial Accounting for Management
260 ## - PUBLICATION, DISTRIBUTION, ETC. (IMPRINT)
Place of publication New Delhi
Name of publisher Academic Faundation
300 ## - PHYSICAL DESCRIPTION
Number of Pages 618
650 ## - SUBJECT ADDED ENTRY--TOPICAL TERM
Topical Term Management
942 ## - ADDED ENTRY ELEMENTS (KOHA)
Koha item type Books
Holdings
Lost status Damaged status Collection code Home library Current library Shelving location Date acquired Source of acquisition Full call number Accession Number Koha item type
    Reference JRU Library JRU Library SHELF-1-E 24/05/2016 PURCHASE 657 4773 Books
    Reference JRU Library JRU Library SHELF-1-E 24/05/2016 PURCHASE 657 4774 Books
    Reference JRU Library JRU Library SHELF-1-E 24/05/2016 PURCHASE 657 4775 Books
    MANAGEMENT JRU Library JRU Library SHELF-71-K 24/05/2016 PURCHASE 657 4776 Books